00599nam a2200205Ia 450000500170000000800410001702000100005804000190006804100120008708200180009910000230011724500620014025000420020226000320024430000120027650400320028865000410032065100220036185000100038320240223115220.0131103s9999 xx 000 0 und d cRs.50 aLoreto College aEnglish a370.954 bMUK aMukherjee,Amitabha aFifty years of National Education, cAmitabha Mukherjee athe story of an experiment 1906-1956  aCalcuttabThe Councilc1992 a205 p.  aIncludes appendix and index aINDIA. National Council of Education aEducation - India aLCLIB